QUEST Central Library Banner

محبتن جو شھر بڑی میل کھانیون (Record no. 68396)

MARC details
000 -LEADER
fixed length control field 00293nam a22001097a 4500
082 ## - DEWEY DECIMAL CLASSIFICATION NUMBER
Classification number م غ ل
100 ## - MAIN ENTRY--AUTHOR NAME
Personal name مغل ، محمود
245 ## - TITLE STATEMENT
Title محبتن جو شھر بڑی میل کھانیون
260 ## - PUBLICATION, DISTRIBUTION, ETC. (IMPRINT)
Place of publication کراچی
Name of publisher کاچو پبلیکیشن
Year of publication ۲۰۱۸
300 ## - PHYSICAL DESCRIPTION
Number of Pages ۳۲۰
942 ## - ADDED ENTRY ELEMENTS (KOHA)
Koha item type Books
Holdings
Withdrawn status Lost status Home library Current library Date acquired Full call number Accession Number Koha item type
    Central Library, QUEST, Nawabshah Central Library, QUEST, Nawabshah 28/10/2024 م غ ل D2294 Books

Copyright © 2018,The QUEST, Nawabshah, Shaheed Benazirabad. All rights reserved
Mr. G. Farooq Channar (Librarian) QUEST, Nawabshah, Sindh, Pakistan 67480.
 Ph#: |   0244-9370381-4 Ext. 2308   Email| lib@quest.edu.pk   Web|  http://www.quest.edu.pk